| 000 | 00511nam a22001697a 4500 | ||
|---|---|---|---|
| 999 |
_c3346 _d3346 |
||
| 008 | 200609b ||||| |||| 00| 0 eng d | ||
| 020 | _a9788185594583 | ||
| 082 | 0 | 0 |
_a620.00222 _bB5755 |
| 100 |
_91437 _aBhatt, N. D. |
||
| 245 | 1 | 0 |
_aElementary engineering drawing: Plane and solid geometry / _cby N.D. Bhatt, and V.M. Panchal |
| 250 | _a49th ed. | ||
| 260 |
_aGujrat: _bCharotar Publication, _c2008. |
||
| 300 | _axvi, 600 p. | ||
| 650 | 0 | _aEngineering Drawing | |
| 700 |
_92370 _aPanchal, V. M. |
||
| 942 | _cBK | ||